| 000 | 00859nam a2200205Ia 4500 | ||
|---|---|---|---|
| 003 | GCL | ||
| 008 | 140319s9999 xx 000 0 ara d | ||
| 040 |
_aGCL / _cGCL |
||
| 082 | 0 | 4 |
_aق _b962.05 _bا ت |
| 100 | 1 | _aاحمد عبدالله | |
| 245 | 1 | 0 |
_aتاريخ مصر بين المنهج العلمى والصراع الحزبى: اعمال ندوة الالتزام والموضوعية فى كتابة تاريخ مصر المعاصر 1919 - 1952 / _cاحمد عبدالله |
| 300 | _a433 ص | ||
| 490 |
_aالهيئة العامة للاستعلامات _v0 |
||
| 650 | 0 | 4 | _aالتاريخ |
| 650 | 0 | 4 | _aمصر - تاريخ |
| 650 | 0 | 4 | _aمصر - تاريخ - العصر الحديث - ثورة 1919 |
| 650 | 0 | 4 | _aمصر - تاريخ - العصر الحديث (1805 - 1956 ) |
| 650 | 0 | 4 | _aمصر - تاريخ - الثورات |
| 942 |
_2ddc _cBK |
||
| 999 |
_c50461 _d50461 |
||